Egy dologtalan arisztokrata a laboratóriumban Louis de Broglie, a fizika hercege a fény és az anyag fizikáját egyesítette ...

Bibliographic Details
Main Author: Ozogány, Ernő, 1951-2017 (Author)
Format: Article
Language:Hungarian
PhysicalDescription:Fotogr.
Subjects:

MARC

LEADER 00000nab a2200000 ar4500
001 vtls008984512
003 SK-MaSNL
005 20260319071249.0
008 070321c20070320xo ||||||h| 000 b|hun
015 |a SNBRB2007/03  |2 snkbucl 
038 |a SNKBUCL 
040 |a DSZK  |b slo  |c DSZK  |e AACR2 
041 0 |a hun 
044 |a xo  |c SK 
080 |a 53-051  |2 1997 
080 |a 929 Broglie, Louis de  |2 1997 
100 1 |a Ozogány, Ernő,  |d 1951-2017  |4 aut  |9 101476 
245 1 0 |a Egy dologtalan arisztokrata a laboratóriumban  |b Louis de Broglie, a fizika hercege a fény és az anyag fizikáját egyesítette ...  |c Ozogány Ernő 
300 |b Fotogr. 
600 1 7 |a Broglie, Louis de,  |d 1892-1987  |2 snkbucl  |9 57450 
773 0 |t Új szó  |g Évf. 60, sz. 66 (20.3.2007), o. 12 
852 |a SNK  |b KIS3GCP 
852 |a DSZK  |b KIS3GCP 
958 |a HU 
958 |a FR 
958 |a BC 
999 |c 1751001  |d 1752931